Managing to have profits : The secrets Japan learned-but The U.S. forgot
Đã lưu trong:
| Príomhúdar: | |
|---|---|
| Formáid: | Leabhar |
| Teanga: | Undetermined |
| Foilsithe: |
New York
Cashflow Books
1989
|
| Ábhair: | |
| Clibeanna: |
Cuir Clib Leis
Gan Chlibeanna, Bí ar an gcéad duine leis an taifead seo a chlibeáil!
|
| Thư viện lưu trữ: | Trung tâm Học liệu Trường Đại học Cần Thơ |
|---|
| LEADER | 00525nam a2200193Ia 4500 | ||
|---|---|---|---|
| 001 | CTU_86144 | ||
| 008 | 210402s9999 xx 000 0 und d | ||
| 082 | |a 658.1 | ||
| 082 | |b O.45 | ||
| 100 | |a Olenick, Arnorld J. | ||
| 245 | 0 | |a Managing to have profits : | |
| 245 | 4 | |b The secrets Japan learned-but The U.S. forgot | |
| 245 | 0 | |c Arnorld J. Olenick | |
| 260 | |a New York | ||
| 260 | |b Cashflow Books | ||
| 260 | |c 1989 | ||
| 650 | |a Profit | ||
| 904 | |i Năm | ||
| 980 | |a Trung tâm Học liệu Trường Đại học Cần Thơ | ||